000 00421cam a2200145 4500500
005 20260111102008.0
041 _afre
042 _adc
100 1 0 _aTeil, Pierre
_eauthor
245 0 0 _aEdgar Morin et la Résistance
260 _c2005.
500 _a50
786 0 _nEmpan | 57 | 1 | 2005-03-01 | p. 17-19 | 1152-3336
856 4 1 _uhttps://shs.cairn.info/revue-empan-2005-1-page-17?lang=fr&redirect-ssocas=7080
999 _c1629738
_d1629738